Confessions of St. Augustine Book 1 to 10. (Record no. 6031)

MARC details
000 -LEADER
fixed length control field 00616nam a2200241 a 4500
020 ## - INTERNATIONAL STANDARD BOOK NUMBER
ISBN
082 00 - DEWEY DECIMAL CLASSIFICATION NUMBER
Classification number 239
Author Cutter AUG
100 ## - MAIN ENTRY--AUTHOR NAME
Author name Augustine, S
245 ## - TITLE STATEMENT
Title Confessions of St. Augustine Book 1 to 10.
260 ## - PUBLICATION, DISTRIBUTION, ETC. (IMPRINT)
Place of publication London-New York
Name of publisher George Routledge and Sons
Year of publication 0000
300 ## - PHYSICAL DESCRIPTION
Number of Pages 227p
500 ## - GENERAL NOTE
General note includes index and biblioraphy
505 2# - FORMATTED CONTENTS NOTE
Formatted contents note Appendix
650 ## - SUBJECT ADDED ENTRY--TOPICAL TERM
Topical Term Saints-Christianity-St.Augustine
942 ## - ADDED ENTRY ELEMENTS (KOHA)
Koha item type Books
700 1# -
-- Augustine, S
Holdings
Home library Current library Date acquired Cost, normal purchase price Full call number Accession Number Koha item type
Henry Martyn Institute Library Henry Martyn Institute Library 06/21/2007 100.00 239 AUG 07442 E-Books
                   Copyright © 2026 | Henry Martyn Institute | Hyderabad | TS-500052 | INDIA | Implemented by hmi.edu.in
Hit-Count:

Powered by Koha